Τοξικολογικές επιπτώσεις νανοσωματιδίων χρυσού [και] αργύρου : βιβλιογραφική ανασκόπηση : μεταπτυχιακή διπλωματική διατριβή
Αποθηκεύτηκε σε:
| Κύριος συγγραφέας: | |
|---|---|
| Συγγραφή απο Οργανισμό/Αρχή: | |
| Άλλοι συγγραφείς: | |
| Μορφή: | Thesis Βιβλίο |
| Γλώσσα: | Greek |
| Δημοσίευση: |
2012
|
| Θέματα: | |
| Διαθέσιμο Online: | http://hdl.handle.net/11610/14874 |
| Ετικέτες: |
Προσθήκη ετικέτας
Δεν υπάρχουν, Καταχωρήστε ετικέτα πρώτοι!
|
MARC
| LEADER | 00000cam a2200000 i 4500 | ||
|---|---|---|---|
| 001 | 1/35622 | ||
| 008 | 130827s2012 gre d | ||
| 035 | |l 10115490 | ||
| 040 | |a GR-MY-UA |b gre |e aacr | ||
| 041 | 0 | |a gre | |
| 082 | 0 | |a 620.5 |2 (22) | |
| 100 | 1 | |a Μόσιος, Σπυρίδων Κ. | |
| 245 | 1 | 0 | |a Τοξικολογικές επιπτώσεις νανοσωματιδίων χρυσού [και] αργύρου : |b βιβλιογραφική ανασκόπηση : μεταπτυχιακή διπλωματική διατριβή / |c Μόσιος Κ. Σπυρίδων ; επιβλέπων: Καλαντζή Όλγα-Ιωάννα |
| 260 | |c 2012 | ||
| 300 | |a 79 σ.; |b εικ.; |c 30 εκ. | ||
| 502 | |a Διατριβή (μεταπτυχιακή) – Πανεπιστήμιο Αιγαίου, Λέσβος, 2012. | ||
| 504 | |a Βιβλιογραφία: σ. 62-67, παράρτημα | ||
| 650 | 0 | 0 | |a Metals |x Toxicology. |
| 650 | 0 | 0 | |a Nanoparticles |x Toxicology. |
| 650 | 0 | 0 | |a Dissertations, Academic |z Greece. |
| 700 | 1 | |4 ths |a Καλαντζή, Όλγα-Ιωάννα. | |
| 710 | 2 | |a Πανεπιστήμιο Αιγαίου |b Σχολή Περιβάλλοντος |b Τμήμα Περιβάλλοντος |b Θεοφράστειο Πρόγραμμα Μεταπτυχιακών Σπουδών Περιβαλλοντική και Οικολογική Μηχανική. | |
| 852 | |a INST |b LESVOS |c DIATR |e 20130827 |h 257 |p 005100052960 |q 005100052960 |t MTXE |y 23 | ||
| 852 | |a INST |b LESVOS |c DIATR |e 20130827 |h 258 |p 005100052959 |q 005100052959 |t MTXE |y 23 | ||
| 856 | |u http://hdl.handle.net/11610/14874 | ||
| 901 | |a BIBL1-2013-2 | ||
| 909 | |a Λ |b 182097 | ||
| 909 | |a Λ |b 182098 | ||
| 924 | |a ΜΟΣΙΟΣ |b ΣΠΥΡΙΔΩΝ |y ΛΕΣΒΟΣ |z 2013-05 | ||
| 970 | |a ΤΖΑΦΕΡΗ |b ΕΥΑΓΓΕΛΙΑ |z 2013/09/02 | ||